000 00622nam a2200193 i 4500
001 47241
003 ES-MaACL
007 t|
008 030404s1984 sp ||||1| spa d
100 1 _aCook, Michael.
_940351
245 1 0 _aArchivos y ordenadores /
_cMichael Cook ; [traducida por, María Jesús Herrero].
260 _a[Barcelona] :
_bMitre,
_c[1984]
300 _a173 p. ;
_c22 cm.
490 1 _aTextos de informática y documentación
700 1 _aHerrero, María Jesús.
_963275
830 0 _aTextos de informática y documentación
_9182125
852 _aES-MaACL
_jL-7434
_bR.108055
999 _c47241
_d47241